Elements that do NOT end in 'm' or 'n' - Statistics

General Stats
  • This quiz has been taken 37 times
  • The average score is 9 of 14
Answer Stats
Atomic Number Element % Correct
79 Gold
97%
47 Silver
88%
29 Copper
84%
82 Lead
75%
16 Sulfur
75%
30 Zinc
75%
15 Phosphorus
69%
27 Cobalt
66%
80 Mercury
66%
25 Manganese
56%
28 Nickel
53%
83 Bismuth
50%
33 Arsenic
47%
51 Antimony
44%
No matching quizzes found
Score Distribution
Percent of People with Each Score
Percentile by Number Answered
Your Score History
You have not taken this quiz